| 000 | 00448nam a2200169Ia 4500 | ||
|---|---|---|---|
| 008 | 230917s9999||||xx |||||||||||||| ||und|| | ||
| 020 | _cRS300 | ||
| 040 |
_e228622 _aMAIN |
||
| 041 | _aEnglish | ||
| 082 | _a791.430954 D57H | ||
| 100 | _aDilchasp | ||
| 245 | 0 | _aHindi cinema ke 100 varsh | |
| 260 |
_aNew Delhi _bBharatiya Pustak Parishad _c2012 |
||
| 300 | _a207 p. | ||
| 500 | _a2143 07/10/2015 SP15/5953 17/11/2015 Main Budget | ||
| 942 | _cBK | ||
| 999 |
_c16245 _d16245 |
||